000 00384nam a2200145Ia 4500
008 191206s9999 xx 000 0 und d
020 _a91008409
090 _aQL513.T3H69
245 0 _aTermites: a study in social behaviour
260 _aHutchinson
260 _bBiological sciences
260 _cc1970
300 _a"150 p., 5 plates. illus. 22 cm."
999 _c17014
_d17014